Dictionary of Physical Education Sports & Exer.Science (Record no. 27784)
[ view plain ]
| 000 -LEADER | |
|---|---|
| fixed length control field | 00417nam a2200169Ia 4500 |
| 003 - CONTROL NUMBER IDENTIFIER | |
| control field | OSt |
| 005 - DATE AND TIME OF LATEST TRANSACTION | |
| control field | 20240116122725.0 |
| 008 - FIXED-LENGTH DATA ELEMENTS--GENERAL INFORMATION | |
| fixed length control field | 170620s9999 xx 000 0 und d |
| 020 ## - INTERNATIONAL STANDARD BOOK NUMBER | |
| International Standard Book Number | 8172160399 |
| 040 ## - CATALOGING SOURCE | |
| Transcribing agency | IIMT UNIVERSITY |
| 100 ## - MAIN ENTRY--PERSONAL NAME | |
| Personal name | Shaw-Dhananjoy |
| 245 #0 - TITLE STATEMENT | |
| Title | Dictionary of Physical Education Sports & Exer.Science |
| 260 ## - PUBLICATION, DISTRIBUTION, ETC. | |
| Name of publisher, distributor, etc. | New delhi.Friends Pub |
| 260 ## - PUBLICATION, DISTRIBUTION, ETC. | |
| Date of publication, distribution, etc. | 2000 |
| 300 ## - PHYSICAL DESCRIPTION | |
| Extent | 211 |
| 942 ## - ADDED ENTRY ELEMENTS (KOHA) | |
| Source of classification or shelving scheme | |
| Koha item type | Reference Book |
| Withdrawn status | Lost status | Source of classification or shelving scheme | Damaged status | Not for loan | Home library | Current library | Date acquired | Total Checkouts | Barcode | Date last seen | Price effective from | Koha item type | Date last checked out |
|---|---|---|---|---|---|---|---|---|---|---|---|---|---|
| IIMT University College of Education-B.P.Ed | IIMT University College of Education-B.P.Ed | 07/03/2017 | 17-B-2540 | 07/03/2017 | 07/03/2017 | Text-Book- for 7 days | |||||||
| IIMT University College of Education-B.P.Ed | IIMT University College of Education-B.P.Ed | 07/03/2017 | 17-B-2541 | 07/03/2017 | 07/03/2017 | Text-Book- for 7 days | |||||||
| IIMT University College of Education-B.P.Ed | IIMT University College of Education-B.P.Ed | 07/03/2017 | 17-B-2542 | 07/03/2017 | 07/03/2017 | Text-Book- for 7 days | |||||||
| IIMT University College of Education-B.P.Ed | IIMT University College of Education-B.P.Ed | 07/03/2017 | 17-B-2543 | 07/03/2017 | 07/03/2017 | Text-Book- for 7 days | |||||||
| IIMT University College of Education-B.P.Ed | IIMT University College of Education-B.P.Ed | 07/03/2017 | 1 | 17-B-2544 | 04/21/2022 | 07/03/2017 | Text-Book- for 7 days | 04/15/2022 |

